000 00458nam a2200181Ia 4500
001 712
005 20260306140538.0
008 260306t1986||||xx |||||||||||||| ||spa||
041 _aESP
082 _a142.78
_bA111
100 _aAbbagnano, Nicola
_eAUT
245 0 _aLa sabiduría de la vida :
_bl búsqueda de la felicidad día a día
260 _c1986
300 _a236 páginas :
_c22 cm.
650 _aGEN
654 _aCHU
942 _cLIB
_dJUS
_fJUS
_2ddc
_n
999 _c712
_d712